000
00318nam a22001337a 4500
008
170329b xxu||||| |||| 00| 0 eng d
020
_a
0721672888
041
_a
eng
080
_2
3RD
_a
616-053.2
100
_a
8
101
_a
SHM
245
_a
A PRACTICE OF ANESTHESIA FOR INFANTS AND CHILDREN
_c
COTE
942
_2
udc
_c
BK
999
_c
8939
_d
8939